Name that Celebrity by their surname/song - Statistics

General Stats
  • This quiz has been taken 781 times
    734 since last reset
  • The average score is 58 of 200
Answer Stats
# Hint Answer Song % Correct
26 Bieber Justin Baby
88%
7 Spears Britney Baby One More Time
87%
16 Cyrus Miley Wrecking Ball
87%
19 Perry Katy Firework
86%
18 Styles Harry What Makes You Beautiful
85%
2 Knowles Beyonce Halo
84%
6 Aguilera Christina Dirty
84%
46 Timberlake Justin Sexyback
82%
48 Swift Taylor I Knew You Were Trouble
82%
20 Dion Celine My Heart Will Go On
81%
30 Lovato Demi Skyscraper
81%
25 Gomez Selena Come And Get It
81%
50 Presley Elvis Jailhouse Rock
78%
10 Houston Whitney I Have Nothing
78%
43 Sheeran Ed The A Team
76%
47 Lopez Jennifer Jenny From The Block
76%
1 Williams Pharrell Happy
76%
53 Keys Alicia No One
71%
49 Lavigne Avril Sk8r Boi
71%
13 Carey Mariah Hero
71%
56 Legend John Ordinary People
70%
32 Marley Bob No Woman No Cry
69%
101 Mars Bruno Locked Out Of Heaven
67%
51 Parton Dolly 9 to 5
67%
61 Levine Adam She Will Be Loved
65%
84 Grande Ariana The Way
65%
106 Ora Rita R.I.P
61%
44 Malik Zayn Story Of My Life
61%
11 Gaye Marvin Whats Going On
60%
4 Martin Ricky Livin La Vida Loca
59%
60 Minogue Kylie Better The Devil You Know
58%
27 Horan Niall Moments
58%
24 Streisand Barbara Woman In Love
57%
65 Underwood Carrie Before He Cheats
57%
125 Bowie David Ziggy Stardust
57%
52 John Elton Candle In The Wind
57%
64 West Kanye Jesus Walks
57%
21 Tomlinson Louis Live While We're Young
57%
123 Clarkson Kelly My Life Would Suck Without You
56%
35 Payne Liam Gotta Be You
56%
152 Minaj Nicki Superbass
56%
136 Sinatra Frank New York New York
52%
62 Furtado Nelly I'm Like A Bird
52%
31 Collins Phil In The Air Tonight
49%
55 Twain Shania Man I Feel Like A Woman
49%
66 Wonder Stevie My Cherie Amor
49%
69 Franklin Aretha Respect
46%
70 Blige Mary J I'm Going Down
45%
120 Thicke Robin Blurred lines
45%
119 Turner Tina Simply The Best
45%
126 Iglesias Enrique Hero
44%
67 Rowland Kelly Stole
44%
39 Shakur Tupac Changes
44%
5 Shelton Blake Honey Bee
43%
132 Mercury Freddie I Want To Break Free
43%
165 Stefani Gwen Holla Back Girl
43%
71 Brown Chris Yo
42%
190 Winehouse Amy Rehab
40%
180 Derulo Jason Ridin' Solo
40%
143 Newton-John Olivia Sam
40%
184 Goulding Ellie Burn
39%
186 Jackson Michael Bad
37%
127 Astley Rick Never Gonna Give You Up
37%
134 Joel Billy Piano Man
36%
54 Estefan Gloria Conga
36%
108 Jackson Janet Lets Wait A While
35%
104 Gallagher Liam Champagne Supernova
34%
81 Abdul Paula Opposites Attract
34%
147 Twain Shania Man I Feel Like A Woman
34%
122 Morrisette Alanis Ironic
33%
3 Jones Tom Delilah
33%
73 Braxton Toni Unbreak My Heart
33%
107 Smith Will Switch
33%
79 Imbruglia Natalie Torn
32%
42 Martin Chris Viva La Vida
31%
139 Diamond Neil Sweet Caroline
31%
28 Cole Cheryl Fight For This Love
30%
141 Michael George Careless Whisper
30%
103 Gallagher Noel Wonderwall
30%
105 Kelly Robert Bump And Grind
30%
100 Hudson Jennifer Spotlight
29%
116 Simpson Jessica With You
29%
88 Mathers Marshall Cleaning Out My Closet
28%
68 Raymond Usher Yeah!
28%
97 Bedingfield Natasha I Bruise Easily
27%
22 Warwick Dionne Walk On By
26%
181 Scherzinger Nicole Baby love
26%
140 Nicks Stevie Landslide
26%
142 Adams Bryan Summer Of 69
25%
8 Goodrem Delta Born to try
25%
155 Elliott Missy Get Ur Freak On
25%
114 Ross Diana Chain Reaction
24%
74 Songz Trey Heart Attack
24%
200 Beckham Victoria Out Of Your Mind
24%
148 Manilow Barry Mandy
23%
117 Sparks Jordin No Air
23%
129 Vandross Luther Never Too Much
23%
112 Redding Otis Sitting On The Dock Of The Bay
23%
37 Combs Sean I Need A Girl
23%
193 Armstrong Louis What A Wonderful World
21%
187 Murs Olly Dear Darlin
21%
124 Andre Peter Mysterious Girl
21%
163 Lennox Annie Why
20%
128 Ellis-Bextor Sophie Murder On The Dancefloor
20%
149 Bocelli Andrea The Prayer
19%
89 Brown James I Feel Good
19%
17 Humes Marvin She Makes Me Wanna
19%
138 Tyler Steven I Don't Wanna Miss A Thing
19%
173 Tyler Bonnie Total Eclipse Of The Heart
18%
197 Clapton Eric Tears In Heaven
18%
172 Gaynor Gloria I Will Survive
18%
93 Flack Roberta Killing Me Softly
18%
154 Rhymes Busta Gimme Some More
17%
87 Bedingfield Daniel Gotta Get Through This
17%
191 Cruz Taio Dynamite
17%
80 Blacc Aloe I Need A Dollar
16%
15 Merrygold Aston The Club Is Alive
16%
144 Summer Donna Last Dance
16%
164 Chapman Tracy Fast Car
16%
131 Santana Carlos Maria Maria
15%
58 Knight Gladys Midnight Train To Georgia
15%
41 Lopez Lisa 'Lefteye' Waterfalls
15%
63 Lambert Miranda Over You
15%
157 Crow Sheryl All I Wanna Do
15%
146 Carlton Vanessa A Thousand Miles
15%
38 Marley Ziggy Love Is My Religion
15%
145 White Barry My First, My Last, My Everything
14%
9 Madden Benji Lifestyles Of The Rich And Famous
13%
92 David Craig Fill Me In
13%
98 Hill Lauryn Doo Wop (That Thing)
13%
34 Carter Shawn 99 Problems
13%
168 Barlow Gary A Million Love Songs
12%
59 Valance Holly Kiss Kiss
12%
111 Madden Joel The Anthem
12%
14 Williams Michelle Cater 2 U
12%
199 Keating Ronan Life Is A Rollercoaster
12%
137 De Burgh Chris Lady In Red
11%
72 Minogue Dannii I Begin To Wonder
11%
115 Sande Emeli Clown
11%
170 LaBelle Patti If Only You Knew
11%
185 Lott Pixie All About Tonight
11%
174 Williams Robbie Rock DJ
11%
183 James Etta At last
10%
78 Brown Bobby Every Little Step
9%
75 Contostavlos Tulisa Young
9%
188 Burke Alexandra Bad Boys
8%
77 Norwood Brandy Have You Ever
8%
156 Green Cee-Lo I Want You
8%
76 Sweat Keith Twisted
8%
171 Tunstall KT Suddenly I See
8%
151 Gray Macy I Try
8%
118 Jordan Montell This Is How We Do It
8%
102 Pendergrass Teddy Turn Off The Lights
8%
36 Williams Vanessa Save The Best Til Last
8%
169 Dixon Alesha Breathe Slow
7%
133 McKnight Brian Back At One
7%
29 Evans Faith Love Like This
7%
95 Cole Natalie I Live For Your Love
7%
96 Cole Nat King L-O-V-E
7%
182 Cooke Sam A Change Is Gonna Come
7%
194 Green Al Lets Stay Together
6%
94 Baker Anita Sweet Love
6%
198 O'Donoghue Danny The Man Who Can't Be Moved
6%
160 Badu Erykah On And On
6%
86 Benson George Give Me The Night
6%
161 Stone Joss You Had Me
6%
82 Morrison Mark Return Of The Mack
6%
162 Jones Nora Don't Know Why
6%
189 Faith Paloma Stone Cold Sober
6%
99 Studdard Ruben Sorry 2004
6%
135 Arena Tina Whistle Down The Wind
6%
195 Richard Cliff Mistletoe And Wine
5%
179 Ripperton Minnie Lovin' you
5%
12 Terrell Tammi All I Do Is Think About You
5%
192 Reed Lou Perfect day
4%
158 Bryson Peabo Tonight I Celebrate
4%
196 Clark Petula Downtown
4%
45 Marley Damian Beautiful
3%
23 Jones Donell You Know Whats Up
3%
85 Benet Eric Spend My Life With You
3%
166 Arie India Brown Skin
3%
33 Price Kelly As We Lay
3%
91 Cole Keyshia I Should Have Cheated
3%
57 Ryan Lee If You Come Back
3%
40 Haughton Aaliyah Back And Forth
2%
159 Valentino Bobby Slow Down
2%
153 Wallace Christopher Juicy
2%
121 Winans Mario I Don't Wanna Know
2%
110 Isley Ron Busted
2%
90 Campbell Tevin Can We Talk
2%
130 Gibson Tyrese How You Gonna Act Like That
2%
113 Wilson Charlie Outstanding
1%
167 Hollister Dave One Woman Man
1%
175 Jackson Freddie Rock Me Tonight
1%
150 Haley Jojo Tell Me It's Real
1%
109 Houston Marques Clubbin'
1%
178 Adams Oleta Get there
1%
83 Anderson Sunshine Heard It All Before
1%
176 Brown Horace One For The Money
0%
177 Haley K-Ci All My Life
0%
No matching quizzes found
Score Distribution
Percent of People with Each Score
Percentile by Number Answered
Your Score History
You have not taken this quiz since the last reset